000 00781nam a22001817a 4500
005 20260305123458.0
008 260305b ||||| |||| 00| 0 eng d
020 _a9847015601867
040 _aBD-DhBCSAA
_cBD-DhBCSAA
_dBD-DhBCSAA
082 _a৬৪১.৫
_bকবর
100 _aকবীর, অধ্যাপিকা সিদ্দিকা
_929282
245 _aরান্না খাদ্য পুষ্টি /
_c অধ্যাপিকা সিদ্দিকা কবীর।
260 _aঢাকা :
_b মাওলা ব্রাদার্স,
_c ১৯৭৮।
300 _a৬২২পৃ.;
_c ২৩ সে.মি.
590 _aS1
650 _aরান্নার যাবতীয় বিষয়াদি
_929283
942 _2ddc
_cBK
999 _c21793
_d21791